Caribbean Countries in Order of Area - Statistics

General Stats
  • This quiz has been taken 42 times
  • The average score is 9 of 13
Answer Stats
Area (Sq. km) Country % Correct
110,860 Cuba
100%
48,670 Dominican Republic
97%
27,750 Haiti
97%
10,991 Jamaica
84%
5,128 Trinidad and Tobago
81%
13,880 Bahamas
75%
751 Dominica
69%
616 St. Lucia
66%
443 Antigua and Barbuda
59%
261 St. Kitts and Nevis
56%
389 St. Vincent and the Grenadines
56%
344 Grenada
53%
430 Barbados
50%
No matching quizzes found
Score Distribution
Percent of People with Each Score
Percentile by Number Answered
Your Score History
You have not taken this quiz